Olvasástanulás a 4. osztályban
Elmentve itt :
| Szerző: | |
|---|---|
| Dokumentumtípus: | Cikk |
| Megjelent: |
1973
|
| Sorozat: | Módszertani közlemények
13 No. 4 |
| Kulcsszavak: | Neveléstudomány |
| Online Access: | http://acta.bibl.u-szeged.hu/26408 |
| LEADER | 00599nab a2200181 i 4500 | ||
|---|---|---|---|
| 001 | acta26408 | ||
| 005 | 20210224151251.0 | ||
| 008 | 161017s1973 hu o 0|| hun d | ||
| 022 | |a 0544-7224 | ||
| 040 | |a SZTE Egyetemi Kiadványok Repozitórium |b hun | ||
| 041 | |a hun | ||
| 100 | 1 | |a Csoma Vilmos | |
| 245 | 1 | 0 | |a Olvasástanulás a 4. osztályban |h [elektronikus dokumentum] / |c Csoma Vilmos |
| 260 | |c 1973 | ||
| 300 | |a 242-253 | ||
| 490 | 0 | |a Módszertani közlemények |v 13 No. 4 | |
| 695 | |a Neveléstudomány | ||
| 856 | 4 | 0 | |u http://acta.bibl.u-szeged.hu/26408/1/modszertani_013_004_242-253.pdf |z Dokumentum-elérés |